States of South Sudan with a Map - Statistics

General Stats
  • This quiz has been taken 1,667 times
  • The average score is 8 of 13
Answers on the Map
Answers color-coded by a green-red scale on the quiz's map according to % correct below.
 
Answer Stats
State % Correct
State Central Equatoria
72%
State Upper Nile
71%
State Eastern Equatoria
69%
State Western Equatoria
69%
State Unity
65%
State Lakes
62%
State Western Bahr el Ghazal
61%
State Northern Bahr el Ghazal
60%
Area Abyei
57%
State Jonglei
53%
State Warrap
48%
Area Pibor
46%
Area Ruweng
46%
No matching quizzes found
Score Distribution
Percent of People with Each Score
Percentile by Number Answered
Your Score History
You have not taken this quiz